书目信息 |
| 书名: | Exercise Programming for Older Adults | |
| 作者: | Kay A.Van Norman. | |
| 分册号: | ||
| 分册名: | 出版地: |
|
| 出版社: | Human Kinetics | |
| 出版时间: | 1995. | |
| 页数: | 109 p. ; | |
| 开本: | 29cm. | |
| 丛书名: | ||
| 中图分类号: | ||
| 科图分类号: | ||
| 其他分类号: | R161.7 | |
| 主题词: | ||
| 电子资源: | ||
| 000 | 00431nam 2200157 a 4500 | |
| 001 | E0157756911 | |
| 005 | 2001122416023679 | |
| 008 | 011224s1995 00010 eng | |
| 020 | @a0-87322-657-7 :@cRMB 12.00. | |
| 040 | @aPFT@beng | |
| 090 | @aR161.7 | |
| 099 | @dR161.7@eN822 | |
| 245 | @aExercise Programming for Older Adults / @cKay A.Van Norman. | |
| 260 | @bHuman Kinetics,@c1995. | |
| 300 | @a109 p. ;@c29cm. | |
| 500 | @aIncludes index | |
| Exercise Programming for Older Adults / / Kay A.Van Norman.-Human Kinetics, , 1995. |
| 109 p. ; ; 29cm. |
| Includes index |
| ISBN 0-87322-657-7 :RMB 12.00. |
| ● |
| 相关链接 |
|
|
|
正题名:Exercise Programming for Older Adults
索取号:R161.7/N822
 
预约/预借
| 序号 | 登录号 | 条形码 | 馆藏地/架位号 | 状态 | 备注 |
| 1 | 01022 | 300010226 | 自科库401/401自科库 6排2列5层/ [索取号:R161.7/N822] | 在馆 |